Inaccurate TV Show Titles Quiz Stats

Quiz Updated Nov 7, 2016

Challenge
Share
Tweet
Embed
Score 0/15 Timer 05:00
2 Plays Today
Inaccurate because... TV Show % Correct
...Selina Meyer becomes the presidentVeep
72.4%
...Jess stopped being a modern addition to the apartmentNew Girl
66.3%
...Cory grows upBoy Meets World
65%
...most of the action takes place in MetropolisSmallville
63.9%
...most of the main characters either cease being married or no longer work as a homemakerDesperate Housewives
63.6%
...none of the main characters continue working for that particular branch of local governmentParks and Recreation
63%
...the number of survivors on Earth was reduced to 98 The 100
60.4%
...Jake becomes a fully grown manTwo and a Half Men
57%
Inaccurate because... TV Show % Correct
...this terrorism thriller is no longer set in AmericaHomeland
56.5%
...the title superhero agency is publicly disbandedAgents of S.H.I.E.L.D.
47.9%
...another male character, Todd, is revealed to also be aliveLast Man on Earth
42.4%
...the characters have already committed the title act and now live on the runPrison Break
39%
...the main magical character grows older than 19Sabrina, The Teenage Witch
34.9%
...David Clarke, the reason for Emily's plots, is revealed to be aliveRevenge
34%
...some of the show's extramarital and clandestine relationships become legitimate and publicMistresses
33.2%

You're not logged in!

Compare scores with friends on all Sporcle quizzes.
Sign Up with Email
OR
Log In

You Might Also Like...

Show Comments

Extras

Top Quizzes Today


Score Distribution

Your Account Isn't Verified!

In order to create a playlist on Sporcle, you need to verify the email address you used during registration. Go to your Sporcle Settings to finish the process.

Report this User

Report this user for behavior that violates our Community Guidelines.

Details: